Acteurs et actrices des années 1980 par images #1 - Statistiques

Statistiques générales
  • Ce quiz a été pris 196 fois
  • Le résultat moyen est 10 sur 20
Statistiques - réponses
Par images Réponse % Correct
Gérard Jugnot
89%
Harrison Ford
89%
Sophie Marceau
88%
Thierry Lhermitte
88%
Meryl Streep
81%
Isabelle Adjani
78%
Whoopi Goldberg
62%
Jamie Lee Curtis
52%
Richard Gere
51%
Glenn Close
43%
Michael Caine
36%
Christopher Walken
35%
Ben Kingsley
34%
Jeremy Irons
34%
Christopher Reeve
32%
Mia Farrow
24%
Sally Field
21%
Bette Midler
17%
Jessica Lange
16%
Albert Finney
4%
Aucun quiz correspondant
Distribution des résultats
% des personnes avec chaque résultat
Percentile par nombre de réponses
Votre historique - résultats
Vous n’avez pas pris ce quiz